000 00825nam a2200253Ia 4500
003 GCL
005 20240530095220.0
008 140319s9999 xx 000 0 ara d
020 _a?143200977
040 _aGCL /
_cGCL
082 0 4 _a364.143
_bم أ
100 0 _aمحمد ابوالفتح الغنام
245 1 0 _aالارهاب وتشريعات المكافحة فى الدول الديمقراطية /
_cمحمد ابوالفتح ابراهيم
250 _aالاولى
260 _aالقاهرة :
_bالمؤلف ،
_c1991
300 _a336 ص ؛
_c24 سم
650 0 4 _aالاغتيال
650 0 4 _aالثورات
650 0 4 _aالارهاب
650 0 4 _aالجرائم السياسية
650 0 4 _aالجرائم الدولية
650 0 4 _aالتخريب والتدمير
942 _2ddc
_cBK
999 _c5049
_d5049